Marques de sport (facile) - Statistiques

Statistiques générales
  • Ce quiz a été pris 548 fois
  • Le résultat moyen est 7 sur 21
Statistiques - réponses
Marque Date de création Pays % Correct
Nike 1964 États-Unis
99%
Adidas 1949 Allemagne
98%
Puma 1948 Allemagne
84%
Asics 1949 Japon
56%
Le Coq Sportif 1882 France
56%
Lacoste 1933 France
40%
New Balance 1906 États-Unis
40%
Reebok 1895 Royaume-Uni
35%
Kappa 1916 Italie
30%
Fila 1911 Italie
27%
Jordan 1988 États-Unis
25%
Under Armour 1996 États-Unis
25%
Kipsta 1998 France
18%
Converse 1908 États-Unis
17%
Airness 1999 France
16%
Ellesse 1959 Italie
13%
Mizuno 1906 Japon
12%
Vans 1966 États-Unis
11%
Kalenji 2004 France
10%
Diadora 1948 Italie
7%
Geox 1995 Italie
4%
Aucun quiz correspondant
Distribution des résultats
% des personnes avec chaque résultat
Percentile par nombre de réponses
Votre historique - résultats
Vous n’avez pas pris ce quiz